The story of atomic theory and atomic energy

Αποθηκεύτηκε σε:
Λεπτομέρειες βιβλιογραφικής εγγραφής
Κύριος συγγραφέας: Feinberg, J. G (Συγγραφέας)
Μορφή: Βιβλίο
Γλώσσα:Αγγλικά
Έκδοση: Nueva York Dover 1960
Θέματα:
Ετικέτες: Προσθήκη ετικέτας
Δεν υπάρχουν, Καταχωρήστε ετικέτα πρώτοι!

MARC

LEADER 00000nam a2200000 a 4500
001 UCT2317
003 CL-VaPUC
008 961011e19600000US |||||||||||||||||eng|d
082 0 4 |a 539.7  |b FEI  |2 21 
100 0 |a Feinberg, J. G  |e author  |9 371362 
245 1 4 |a The story of atomic theory and atomic energy 
300 |a 263 p 
942 |c BK 
945 |d 19961011 00:00:00  |a paguirre 
260 |a Nueva York  |b Dover  |c 1960 
650 7 |a TEORIA ATOMICA  |2 CL-VaPUC  |9 313933 
650 0 |a Átomos  |9 259583 
650 7 |a FISICA NUCLEAR  |2 CL-VaPUC  |9 270366 
650 0 |a Moléculas   |9 259584 
650 0 |a Energía nuclear   |9 255228 
650 7 |a ELECTRONES  |2 CL-VaPUC  |9 322158 
650 0 |a Rayos X  |9 313670 
583 |a last modification  |c 19961011 00:00:00  |k Rodrigo Vera 
999 |c 252470  |d 252468 
952 |0 0  |1 0  |4 0  |6 539_700000000000000_FEI_1960  |7 0  |8 A  |9 272360  |a BIBCUR  |b BIBCUR  |d 2019-11-19  |i 1761064  |o 539.7 FEI 1960  |p 1761064  |r 2025-04-22  |w 2019-11-19  |y BK  |k BCB